| 000 | 00526nam a2200217Ia 4500 | ||
|---|---|---|---|
| 008 | 210210b1974 xxu||||| |||| 00| 0 eng d | ||
| 041 | _aeng | ||
| 082 | _a350 BHAT | ||
| 100 | _aBHAGWAN (Vishnoo) | ||
| 245 | _aText book of public administration | ||
| 260 |
_aNew Delhi _bS. Chand & Co. Ltd. _c1974 |
||
| 300 | _aviii,651 | ||
| 650 | _aText | ||
| 650 | _apublic | ||
| 650 | _aof | ||
| 650 | _abook | ||
| 650 | _aadministration | ||
| 690 | _aPublic Administration | ||
| 700 | _aBHUSHAN (Vidya) | ||
| 906 | _aSG00251 | ||
| 999 |
_c116016 _d116016 |
||